| 000 | 00638cam a2200193 a 4500 | ||
|---|---|---|---|
| 040 | _cDLC | ||
| 082 | _a332 DEP 1997 A073 Or. | ||
| 245 | 0 | 0 |
_aALEA project history, 1984 to 1996 : _binvesting in projects that enhance, protect, and provide places for people to enjoy Washington's marine and freshwater shorelines / |
| 246 | 1 | 7 | _aALEA report |
| 260 |
_aOlympia, Wash. : _bThe Department, _c[1997] |
||
| 300 |
_aii, 130 p. : _bill., maps ; _c28 cm. |
||
| 500 | _a"Spring 1997." | ||
| 500 | _aIncludes index. | ||
| 650 | 0 | _aRecreation areas | |
| 650 | 0 | _aBeaches | |
| 650 | 0 | _aShorelines | |
| 710 | 1 | _aWashington (State). | |
| 942 | _cEK | ||
| 999 |
_c15005 _d15005 |
||